[Event "129th New Zealand Championship 2022"]
[Site "Christchurch"]
[Date "2022.01.07"]
[Round "6.2"]
[White "Dive, Russell John"]
[Black "Sole, Michael D"]
[Result "1/2-1/2"]
[WhiteElo "2265"]
[BlackElo "1815"]
[Annotator "TA"]
[PlyCount "67"]
[EventDate "2022.01.02"]
[EventType "swiss"]
[EventCountry "NZL"]
[SourceTitle "playchess.com"]
[Source "ChessBase"]
[SourceQuality "1"]

{[%evp 9,67,-8,0,-18,1,-8,-2,-12,-4,-3,75,-35,-32,-43,-42,-41,-14,-60,-13,0,25,36,43,43,77,0,11,-62,-34,-154,-95,-102,-35,-30,-26,-116,-111,-111,-53,-43,-46,-172,-181,-169,-176,-153,0,0,0,-154,-147,-147,-116,-116,0,0,0,-80,0,0]} 1. d4 Nf6 2. Nf3 d5 3. c4 e6 4. Nc3 a6 5. b3 Bb4 6. Bd2 {D37: Queen's Gambit Declined: 5 Bf4.} O-O 7. e3 {[#]} b6 $146 ({Predecessor:} 7... Nc6 8. Bd3 Re8 9. a3 Bf8 10. Qc2 g6 11. O-O Bg7 12. Rad1 Qd6 13. Bc1 e5 14. Nxd5 exd4 {0-1 (49) Pitkanen,A (1949)-Kauko,P (1990) Hameenlinna 2017}) 8. Bd3 Bb7 9. O-O {[%cal Oc3d5]} Nbd7 {[#]} (9... dxc4 $11 {keeps the balance.} 10. bxc4 Nbd7) 10. a3 {White is more active.} (10. Nxd5 $1 $16 Bxd2 11. Nxf6+ Nxf6 12. Qxd2) 10... Bd6 $15 11. Qe2 c5 12. a4 dxc4 13. bxc4 (13. Bxc4 $11 {deserves consideration.} Qc7 14. h3) 13... cxd4 (13... Re8 $1 $15 {is more appropriate.} 14. Rfe1 cxd4 15. exd4 e5) 14. exd4 $11 {[%cal Be3d4,Bd4d5][%mdl 32]} e5 {aiming for ...Re8.} 15. d5 $1 (15. Nxe5 Nxe5 16. dxe5 Bxe5 $1 17. Qxe5 Qxd3 $15) 15... h6 16. Nh4 $1 {[%cal Od2h6] Threatens to win with Bxh6!} Nc5 17. Bc2 ({White should try} 17. Nf5 $16) 17... Bc8 {[%cal Oe5e4]} 18. h3 (18. Nf5 $11) 18... e4 $1 $15 19. f4 (19. Bxe4 $2 Re8 20. f3 Nfxe4 21. fxe4 Qxh4 $19) (19. a5 $1 $15) 19... Re8 (19... Ne8 $142 $1 20. Be1 Be7) 20. Be3 Ng4 21. hxg4 {g5 is the strong threat.} Qxh4 22. Rab1 (22. a5 $11 {remains equal.}) 22... Bxg4 $17 23. Qf2 {[#]} Qxf2+ (23... Qf6 $1 $17 {[%cal Rf6c3]} 24. Nd1 (24. Rxb6 Qxc3 25. Rxd6 Nd3 $17) 24... Nd7) 24. Kxf2 $15 Rab8 25. Rb2 (25. Bxc5 $15 bxc5 26. Nxe4 Bxf4 27. Rfe1 (27. Rxb8 Rxb8 28. Rb1 Re8 $15)) 25... Nd3+ $19 26. Bxd3 exd3 27. Rfb1 Rxe3 $2 28. Kxe3 $11 {Strongly threatening Ne4.} Re8+ 29. Kxd3 $2 ({White has to play} 29. Kd4 $1 $11) 29... Bf5+ $17 30. Kd2 Bxf4+ 31. Kd1 Be5 ({Better is} 31... Bxb1 $17 32. Rxb1 Re3) 32. Kd2 $1 $11 Bf4+ {A strong pair of Bishops.} (32... Bd4 $11) 33. Kd1 $17 Be5 ({Black should play} 33... Rc8 $17 34. Rf2 Bxb1 35. Rxf4 Bd3) 34. Kd2 {Weighted Error Value: White=0.43/Black=0.32} 1/2-1/2

[Event "129th New Zealand Championship 2022"]
[Site "Christchurch"]
[Date "2022.01.07"]
[Round "6.3"]
[White "Winter, Ryan"]
[Black "Lukey, Stephen G"]
[Result "0-1"]
[WhiteElo "2006"]
[BlackElo "2162"]
[Annotator "TA"]
[PlyCount "130"]
[EventDate "2022.01.02"]
[EventType "swiss"]
[EventCountry "NZL"]
[SourceTitle "playchess.com"]
[Source "ChessBase"]
[SourceQuality "1"]

{[%evp 12,130,0,0,7,0,0,0,0,-10,-5,-2,0,0,0,0,-12,-47,0,-29,16,7,18,20,18,20,39,6,6,0,62,59,302,288,290,280,295,267,285,285,291,310,292,285,308,292,284,283,415,419,396,405,419,423,448,441,422,416,394,380,364,334,523,523,496,501,501,501,501,492,494,494,491,491,487,484,483,367,475,178,465,390,481,483,463,394,483,482,466,466,456,400,437,407,332,299,1409,3191,29968,29965,29978,29979,29979,29980,29980,29981,29981,29982,29983,3993,452,-29983,-29984,-29984,-29985,-29984,-29985,-29985,-29986,-29986,-29987]} 1. e4 e6 2. d4 d5 3. Nd2 c5 4. Ngf3 cxd4 5. Nxd4 Nc6 6. Nxc6 bxc6 7. Bd3 Bd6 {C07: French Tarrasch: 3...c5, 4 Ngf3 and 4 exd5 Qxd5.} 8. O-O Qc7 9. h3 Nf6 {The position is equal.} 10. Re1 O-O 11. c4 {[#]} dxe4 $146 ({Predecessor:} 11... Bb7 12. Qe2 Nd7 13. Nf3 Nc5 14. cxd5 Nxd3 15. Qxd3 cxd5 16. e5 Bc5 17. Ng5 g6 {1-0 (63) Krstic,U (2413)-Ivekovic,B (2300) Croatia 2015}) 12. Nxe4 Nxe4 13. Bxe4 f5 14. Bc2 Rb8 (14... e5 $15) 15. b3 Be5 {Inhibits Bb2.} (15... e5 $142) 16. Rb1 $11 {[%cal Ba1b1,Bb1b2,Bb2d2,Bd2d7][%mdl 32]} c5 17. Bb2 Bxb2 18. Rxb2 Rf6 19. Bd3 Bb7 20. Rd2 Rg6 (20... e5 $11) 21. Bf1 $14 e5 $2 (21... Rc8 $14) 22. Rd7 $18 Qc6 {[%cal Rg6g2]} 23. Qd5+ Qxd5 24. cxd5 e4 25. Rc1 Ba6 26. Rxc5 Bxf1 27. Kxf1 {[%mdl 4096] Endgame KRR-KRR} f4 28. Rc6 a5 29. Re7 f3 (29... Rg5 {keeps fighting.} 30. d6 (30. Rxe4 Rxd5 31. Rxf4 Rd2 $18) 30... Rd8 31. Rxe4 Rd5 32. Rxf4 R8xd6 33. Rxd6 Rxd6) 30. Rxg6 hxg6 31. Rxe4 fxg2+ 32. Kxg2 {KR-KR} Rb5 33. Rd4 {[#] Threatens to win with d6.} Kf7 34. d6 {[%cal Bd5d6,Bd6d7][%mdl 32] Hoping for d7.} Ke8 35. d7+ Kd8 36. Kf3 g5 (36... Rf5+ $142 37. Kg3 Re5) 37. Kg4 Rc5 38. Rd2 {To avoid Rc2} g6 39. h4 gxh4 40. Kxh4 Rf5 41. Kg3 Rc5 42. Kf4 Rh5 43. Ke3 Rf5 44. Ke2 Re5+ 45. Kd1 $2 (45. Kf3 Rg5 46. Kf4) 45... Rc5 $2 (45... Rf5 {is a better defense.} 46. Ke2 a4 47. bxa4 Rf4) 46. Rd3 Rf5 47. f3 Rc5 48. Kd2 Rc6 49. Rd4 Rc5 50. a3 {b4 is the strong threat.} Rf5 51. Ke3 Re5+ 52. Kf4 Rf5+ 53. Ke4 {aiming for b4.} Rf6 $2 (53... Rb5 54. Rd3 Rc5) 54. b4 {[%cal Bb3b4,Bb4b5,Bb5b6][%mdl 32]} a4 55. b5 Rb6 56. Rd5 Re6+ 57. Kd4 Rf6 58. Kc5 Rxf3 59. b6 Rxa3 60. Kc6 (60. b7 $142 Rb3 61. Kc6 g5 62. Rxg5 Rc3+ 63. Kb6 Kxd7 64. b8=Q Rb3+ 65. Rb5) 60... Rc3+ 61. Rc5 $4 {[%mdl 8192]} (61. Kb7 $18 a3 62. Ka7) 61... Rxc5+ {Black mates.} 62. Kxc5 Kxd7 63. Kb4 Kc6 64. Kxa4 g5 65. Ka5 {[#]} Kb7 $1 {Quite a comeback for Black.  Weighted Error Value: White=0.14 (very precise) /Black=0.51} ({Stronger than} 65... g4 66. Ka6 g3 67. b7 $11) 0-1

[Event "129th New Zealand Championship 2022"]
[Site "Christchurch"]
[Date "2022.01.07"]
[Round "6.4"]
[White "Xie, Felix"]
[Black "Milligan, Helen"]
[Result "1-0"]
[WhiteElo "2166"]
[BlackElo "1956"]
[Annotator "TA"]
[PlyCount "137"]
[EventDate "2022.01.02"]
[EventType "swiss"]
[EventCountry "NZL"]
[SourceTitle "playchess.com"]
[Source "ChessBase"]
[SourceQuality "1"]

{[%evp 13,137,27,41,32,33,25,80,29,54,38,34,33,42,32,61,55,52,30,36,0,0,14,14,13,14,0,0,-22,29,19,115,113,128,43,69,-46,26,25,43,0,19,24,113,129,89,75,83,79,107,87,155,168,184,183,243,256,233,219,186,198,471,460,404,204,186,179,177,150,150,150,338,330,330,268,268,266,364,268,251,251,553,522,1301,1196,646,251,1759,1743,1673,1605,1320,0,1054,1047,1265,719,1454,697,4627,4627,29973,29974,29974,29975,29975,29975,29975,29975,29975,29976,29976,29977,29981,29980,29979,29980,29988,29989,29989,29990,29993,29991,29993,29994,29994,29989]} 1. d4 Nf6 2. c4 g6 3. Nc3 Bg7 4. e4 d6 5. h3 O-O 6. Be3 e5 7. d5 Na6 8. g4 {E71: King's Indian: 4 e4 d6 5 h3.} Nc5 9. Qc2 a5 (9... c6 $11) 10. Nge2 (10. O-O-O $16) 10... Ne8 11. Ng3 Bf6 12. Qd2 Bh4 13. Rg1 Ng7 {[#]} 14. Be2 $146 ({Predecessor:} 14. O-O-O f6 15. Be2 Bd7 16. Nf1 Qe7 17. Nh2 Bg5 18. h4 Bxe3 19. Qxe3 Kh8 20. Rg2 {0-1 (35) Dinstuhl,V-Hoffmann,M (2350) Castrop Rauxel 1990}) 14... Bd7 15. Bh6 Re8 16. Nf5 Nxf5 (16... gxf5 $2 17. gxf5 Qf6 18. O-O-O (18. Rxg7+ Kh8 $16) 18... Bxf2 19. Bxg7 Qxg7 20. Rxg7+ Kxg7 21. Rf1 $18) 17. gxf5 Kh8 18. fxg6 fxg6 {[%cal Og6g5]} 19. Bg4 Qf6 {[%cal Oh4f2]} 20. Be3 Re7 (20... Bxg4 $142 21. hxg4 Rf8) 21. O-O-O $1 $11 Qf7 (21... Bxg4 $11 {remains equal.} 22. Rxg4 g5) 22. Rdf1 $16 Rf8 {[#]} 23. Bxd7 (23. Bh6 $1 $16) 23... Nxd7 $14 24. Kc2 (24. f3 $14) 24... b6 ({Black should play} 24... Qf3 $15) 25. Bh6 $11 Rg8 26. Rg4 (26. f4 $14 Bf6 27. Rg4) 26... Bf6 (26... Qf6 $5 {[%cal Rg6g5]} 27. Be3 g5 $11) 27. f4 Bg7 (27... Qe8 $1 $11 {keeps the balance.}) 28. Bg5 $16 Ree8 29. Qg2 Ref8 30. f5 $1 gxf5 31. exf5 {[%cal Of5f6]} ({Don't play} 31. Rxf5 Qe8 $14) 31... Nf6 (31... Bf6 $142) 32. Bxf6 {White is more active.} Bxf6 33. Ne4 Qe7 (33... Bd8 $142 34. a4 Bf6) 34. Rg1 $18 {[%cal Rg4g8]} Rxg4 35. hxg4 {Threatens to win with g5.} ({Weaker is} 35. Qxg4 Qg7 $16) 35... Bg5 36. Qh3 {[#] aiming for Rh1.} Rf7 $2 (36... h6 37. Kd3 Qg7) 37. Qh5 Bf4 38. f6 (38. Rh1 $142) 38... Rxf6 39. Nxf6 $40 {[%mdl 128] White wants a kill.} Qxf6 {[%mdl 4096] Endgame KQR-KQB} 40. Rh1 {[%csl Gh1][%cal Rh5h7]} h6 41. Qf5 Qxf5+ (41... Kg7 $16) 42. gxf5 $16 {KR-KB} Kg7 43. Kd3 Kf6 44. Ke4 Bg5 45. b3 Bf4 46. a3 {[%cal Ba2a3,Ba3b4][%mdl 32] Strongly threatening b4.} Bg5 $2 (46... Bd2 {is tougher.} 47. b4 axb4) 47. b4 $18 {Black must now prevent bxa5.} axb4 48. axb4 Bd2 49. Rh2 $2 (49. b5 {Ra1 is the strong threat.} Bg5 50. Ra1) 49... Bg5 $2 (49... Bxb4 50. Rxh6+ Kg7) 50. Ra2 Ke7 51. Ra7 Kd7 52. Ra2 Ke7 $1 53. Ra8 Bd2 54. Rh8 Kf6 55. Rh7 (55. b5 $142 h5 56. Rc8) 55... Kg5 56. Rxc7 {Threatening mate with Rd7.} Bxb4 57. Rg7+ {White mates.} Kf6 58. Rg6+ Kf7 59. Rxh6 Kg7 60. Re6 Bc5 61. Kf3 Bb4 62. Kg4 Bc5 63. Kg5 Be3+ 64. Kh5 Bc5 65. f6+ Kf7 66. Kg5 Bb4 67. Kf5 Bc5 68. Re7+ Kf8 69. Ke4 {Weighted Error Value: White=0.45/Black=0.50} 1-0

[Event "129th New Zealand Championship 2022"]
[Site "Christchurch"]
[Date "2022.01.07"]
[Round "6.5"]
[White "McNabb, Matthew David"]
[Black "Cilia Vincenti, David"]
[Result "1-0"]
[WhiteElo "2029"]
[BlackElo "2076"]
[Annotator "TA"]
[PlyCount "71"]
[EventDate "2022.01.02"]
[EventType "swiss"]
[EventCountry "NZL"]
[SourceTitle "playchess.com"]
[Source "ChessBase"]
[SourceQuality "1"]

{[%evp 9,71,29,32,25,29,28,25,23,20,-7,-8,-25,18,0,16,0,0,0,0,0,0,0,0,0,0,0,6,0,12,12,9,0,0,0,-7,0,17,11,0,0,30,0,0,0,0,1,6,6,9,9,114,112,337,235,783,124,1235,1217,5465,5453,5365,5322,5314,5297]} 1. Nf3 f5 2. d4 Nf6 3. c4 g6 4. Nc3 Bg7 5. b4 O-O 6. Bb2 {A85: Dutch Defence: 2 c4 Nf6 3 Nc3.} e6 7. e3 Qe7 8. Qb3 {[#] White has an edge.} b6 $146 ({Predecessor:} 8... d6 9. Be2 Kh8 10. O-O b6 11. a4 a5 12. b5 Bb7 13. Rac1 Nbd7 14. Rfd1 Ne4 {0-1 (34) Bryzgalin,K (2449)-Azaladze,S (2439) Chess.com INT 2020}) 9. Bd3 Bb7 10. d5 e5 (10... a5 $142) 11. e4 Nxe4 12. Nxe4 fxe4 13. Bxe4 {[%cal Od5d6]} d6 14. O-O {[%cal Oc4c5]} Nd7 {To avoid c5} 15. Rfe1 a5 16. a3 {[%cal Ba2a3,Ba3b4,Bb4c5][%mdl 32]} Bh6 17. Bc1 Bxc1 18. Raxc1 axb4 19. axb4 Nf6 20. Nd2 Bc8 21. c5 bxc5 22. bxc5 Nxe4 23. Nxe4 Bf5 24. Ng3 Rfb8 {Prevents Qb7.} 25. Nxf5 gxf5 26. cxd6 cxd6 27. Qf3 Rf8 28. Rc6 Ra4 29. Rec1 Rf4 {[#]} (29... Ra7 $11 {keeps the balance.}) 30. Qa3 $1 $16 {Rc8 is the strong threat.} Rd8 (30... Rg4 $16) 31. Rc7 Qg5 (31... Qh4 32. Qa7 Rg4) 32. Qa7 $2 ({Weaker is} 32. Qh3 Qh4 33. Qe3 Rd4 $16) (32. h3 $18) 32... Rd4 $2 {[%mdl 8192]} (32... Rg4 $16) 33. Qb7 $18 {White is clearly winning.} e4 34. Rc8 e3 35. Rxd8+ Qxd8 36. fxe3 {Weighted Error Value: White=0.42/Black=0.28 (precise)} 1-0

[Event "129th New Zealand Championship 2022"]
[Site "Christchurch"]
[Date "2022.01.07"]
[Round "6.6"]
[White "Ning, Isabelle Yixuan"]
[Black "Ker, Anthony F"]
[Result "0-1"]
[WhiteElo "1796"]
[BlackElo "2303"]
[Annotator "TA"]
[PlyCount "106"]
[EventDate "2022.01.02"]
[EventType "swiss"]
[EventCountry "NZL"]
[SourceTitle "playchess.com"]
[Source "ChessBase"]
[SourceQuality "1"]

{[%evp 18,106,38,35,38,29,40,31,36,-12,-12,-18,0,-35,-35,-50,-43,-29,-19,-53,-1,-56,-39,-84,-82,-75,-74,-85,-79,-116,-108,-106,-106,-115,-91,-100,-112,-99,-99,-99,-99,-121,-122,-114,-111,-185,-195,-234,-228,-230,-220,-230,-195,-206,-206,-308,-273,-257,-266,-262,-236,-193,-199,-186,-190,-427,-419,-496,-469,-578,-578,-560,-544,-785,-790,-846,-833,-831,-810,-1506,-1431,-1570,-1507,-1720,-4448,-29990,-29991,-29992,-29993,-29994,-29995]} 1. d4 Nf6 2. Bf4 e6 3. e3 c5 4. c3 b6 5. Nf3 Bb7 6. Nbd2 cxd4 7. exd4 Be7 8. h3 O-O 9. Bd3 d6 10. O-O Nbd7 {A47: 1 d4 Nf6 2 Nf3 b6: Torre, London and Colle Systems.} 11. Re1 Re8 12. a4 a6 {White is slightly better.} 13. c4 {[#]} (13. Bh2 $14) 13... Bf8 $146 ({Predecessor:} 13... d5 14. b3 Nb8 15. a5 bxa5 16. c5 Nc6 17. Nb1 Nb4 18. Nc3 Nxd3 19. Qxd3 Nd7 {0-1 (62) Farooq,N (1706)-Ahmed,S (2178) Tornelo INT 2021}) 14. Bg3 e5 15. dxe5 dxe5 {Strongly threatening ...e4.} 16. Ne4 ({Much worse is} 16. Bxe5 Nxe5 17. Nxe5 Rxe5 $1 {[%mdl 512]} 18. Bxh7+ Nxh7 $19) 16... Nxe4 17. Bxe4 Bxe4 18. Rxe4 {[%cal Rf3e5]} Qc7 ({Black should play} 18... Qe7 $1 $15) 19. Qc2 (19. Rd4 $11 Ra7 20. Rd5) 19... f6 $15 20. Rd1 (20. Rh4 $15 g6 21. Rd4) 20... Qc6 21. Re2 Nc5 22. b3 Rad8 23. Bh4 Rxd1+ 24. Qxd1 Re6 25. Rd2 Rd6 (25... Ne4 {feels hotter.} 26. Rd5 Rd6 27. Rxd6 Qxd6 28. Qe2 Nc5) 26. Rxd6 Qxd6 ({Of course not} 26... Bxd6 $6 27. Ne1 $15) 27. Qxd6 Bxd6 $17 {[%mdl 4096] Endgame KBN-KBN} 28. Nd2 Nd3 29. Kf1 Kf7 {Black is more active.} 30. Ke2 Nf4+ 31. Kf3 (31. Kf1 $17) 31... Bb4 $19 32. Ne4 Ke6 33. Bg3 Nd3 34. Ke3 Ne1 35. f3 Nxg2+ 36. Kd3 (36. Ke2 $142) 36... f5 37. Nc3 {[#]} ({Don't play} 37. Ng5+ Kf6 38. Nxh7+ Kg6 39. Bxe5 Bc5 $19) 37... Bc5 $1 38. Ke2 f4 39. Bf2 {[#]} Bxf2 40. Kxf2 {KN-KN} Ne3 41. Ke2 $2 (41. Ne4 {was called for.}) 41... Nc2 42. Nd5 Nd4+ 43. Kf2 Nxb3 44. Nxb6 Nc5 {And now ...a5 would win.} 45. Nd5 a5 46. Nc3 g5 47. Kg2 Kf5 48. Nd5 e4 49. fxe4+ Kxe4 50. Nf6+ Ke3 51. Nxh7 f3+ {Black mates.} 52. Kf1 Ne4 53. c5 Nd2+ {White did not feel at home in the position after the opening.  Weighted Error Value: White=0.57/Black=0.03 (flawless)} 0-1

[Event "129th New Zealand Championship 2022"]
[Site "Christchurch"]
[Date "2022.01.07"]
[Round "6.7"]
[White "Rains, Edward"]
[Black "Van Der Hoorn, Thomas"]
[Result "1/2-1/2"]
[WhiteElo "2004"]
[BlackElo "1685"]
[Annotator "TA"]
[PlyCount "74"]
[EventDate "2022.01.02"]
[EventType "swiss"]
[EventCountry "NZL"]
[SourceTitle "playchess.com"]
[Source "ChessBase"]
[SourceQuality "1"]

{[%evp 11,74,14,15,14,13,-8,31,32,24,0,-6,-140,0,-8,-1,3,110,0,32,-60,-12,-43,-50,-35,-57,-106,375,-194,-154,-467,-326,-1426,-779,-770,-760,-1629,-1528,-1501,-1483,-1510,-1372,-1292,-963,-902,-705,-693,-659,-631,-577,-531,0,0,0,0,0,0,0,0,0,0,0,0,0,0,0]} 1. e4 e5 2. Nf3 Nc6 3. Bc4 Bc5 4. c3 Nf6 5. d3 d6 6. h3 h6 7. Nbd2 $1 {[%mdl 4] is currently scoring better than 7.0-0. C54: Giuoco Piano: 4 c3 Nf6, main lines with 5 d4 and 5 d3.} O-O 8. Nf1 Be6 (8... Na5 $5 {[%cal Ra5c4]}) 9. Bxe6 {White is slightly better.} fxe6 {[#]} 10. Qb3 $146 (10. b4 $5 {[%cal Rb4c5]} Bb6 11. N1d2 $11) ({Predecessor:} 10. Ne3 d5 11. exd5 exd5 12. O-O Qe8 13. a4 Bd6 14. Nf5 Qe6 15. Nxd6 Qxd6 16. b4 {1-0 (45) Zhou,J (1629)-Zhou,P (1278) Hangzhou 2018}) 10... d5 11. Qxb7 {[#]} (11. Qc2 $11 {keeps the balance.}) 11... dxe4 12. Qxc6 exf3 13. gxf3 Bd6 (13... Qd5 $11 14. Qxd5 exd5) 14. Ng3 (14. Be3 $16) 14... Nd5 15. a3 (15. Qa4 $14) 15... Rb8 ({Don't take} 15... Rxf3 16. c4 Kh8 17. cxd5 $16) (15... Qf6 $1 $15 16. f4 exf4) 16. c4 {[#]} Rb6 $1 17. Qa4 Nf4 $36 {[%mdl 2048] Black fights for an advantage.} 18. Qd1 (18. Bxf4 $15 exf4 19. Ne4) 18... Nxd3+ $2 {[%mdl 8192]} 19. Kf1 $4 {[%mdl 8192]} (19. Qxd3 $18 {was the only winning move.} Bb4+ 20. Ke2 Qxd3+ 21. Kxd3) 19... Nxc1 20. Qxc1 $2 (20. Rxc1 $17 {is a better chance.} Rxb2 21. c5) 20... Rxf3 21. Rg1 $2 (21. c5 Bxc5 22. Qxc5 Rxb2 23. Ne2 Rxe2 24. Kxe2 Qd3+ 25. Ke1) 21... Qh4 {...Bc5 is the strong threat.} 22. b4 {Prevents Bc5.} e4 23. Nh1 Qxh3+ 24. Ke2 Rc3 25. Qd2 Qf3+ 26. Kf1 Rd3 27. Qb2 e5 {White must now prevent ...Ra6.} 28. c5 {[#]} Bxc5 $1 {[%mdl 512]} 29. Qa2+ Kh8 {( -> ...Rd1+)} 30. bxc5 Rd1+ $2 (30... Qh3+ $19 31. Ke1 {[#]} Rg6 $3 {[%mdl 512]}) 31. Rxd1 $11 {Dancing on a razor blade. The position is equal.} Qxd1+ 32. Kg2 Rg6+ 33. Ng3 Qf3+ 34. Kf1 Qd1+ 35. Kg2 Qf3+ 36. Kf1 Qd1+ 37. Kg2 Qf3+ {And White is the lucky defender.  Weighted Error Value: White=0.89/Black=0.96} 1/2-1/2

[Event "129th New Zealand Championship 2022"]
[Site "Christchurch"]
[Date "2022.01.07"]
[Round "6.8"]
[White "Cummings, Nick"]
[Black "Metge, J. Nigel"]
[Result "1-0"]
[WhiteElo "2032"]
[BlackElo "1879"]
[Annotator "TA"]
[PlyCount "107"]
[EventDate "2022.01.02"]
[EventType "swiss"]
[EventCountry "NZL"]
[SourceTitle "playchess.com"]
[Source "ChessBase"]
[SourceQuality "1"]

{[%evp 16,107,37,27,44,35,37,27,31,18,18,16,6,0,0,0,0,0,0,0,47,58,52,0,28,29,66,41,26,0,166,118,122,121,118,120,129,118,269,260,288,270,2871,2603,2446,2310,2010,1832,29979,29980,29980,29980,12839,625,736,711,662,745,736,713,671,639,833,821,901,864,722,667,695,695,670,639,923,898,862,739,1709,1377,12836,12837,12838,12837,12839,12839,12841,12842,12845,12843,12844,12844,12845,12845,12845,12845]} 1. Nf3 e6 2. c4 f5 3. g3 Nf6 4. Bg2 Be7 5. O-O O-O 6. Nc3 d6 7. d3 Nc6 8. Rb1 a5 9. a3 e5 {A10: English Opening: Unusual Replies for Black.} 10. b4 axb4 11. axb4 Qe8 {White has an edge.} 12. Bg5 {[#]} h6 $146 ({Predecessor:} 12... Be6 13. b5 Nd8 14. Nd2 c6 15. Ra1 Rxa1 16. Qxa1 Qh5 17. Bxf6 Rxf6 18. Rb1 Rh6 {1-0 (61) Daly,C (2278)-Melaugh,S (2105) Dublin 2019}) 13. Bxf6 Bxf6 14. Nd5 Bd8 15. Ra1 Rxa1 16. Qxa1 Ne7 17. Nxe7+ Qxe7 (17... Bxe7 $11 {is more appropriate.} 18. Nd2 Bg5) 18. Qa8 $14 Qd7 19. Nd2 (19. b5 $14) 19... c6 20. Rb1 f4 21. b5 (21. Ne4 $5 {[%cal Re4d6]}) 21... fxg3 22. hxg3 (22. fxg3 $5 {[%cal Rb5c6]} cxb5 23. Rxb5 $11) 22... Qf5 $2 (22... Bb6 $11 23. e3 Qf5) 23. Qa7 (23. bxc6 $18 bxc6 24. Ne4) 23... b6 24. Bf3 {Active counter play!} cxb5 25. Rxb5 h5 26. Ne4 Qg6 {A mistake that costs the game.} (26... h4 $16 {might work better.}) 27. Rd5 $18 h4 28. Rxd6 Qh7 {[#]} (28... Qf5 29. gxh4 Bxh4 30. Rxb6 Kh7) 29. Rxd8 $1 {[%mdl 512]} Rxd8 30. Qe7 Rf8 31. Ng5 {Bd5+ would kill now.} Qf5 32. Bd5+ Kh8 33. Nf7+ Rxf7 34. Qxh4+ (34. Bxf7 $142 Qxf7 35. Qxf7) 34... Qh7 35. Qxh7+ Kxh7 36. Bxf7 {[%mdl 4096] Endgame KB-KB} Kh6 37. Bd5 Kg5 38. Kg2 Kg4 39. f3+ Kg5 40. Kf2 Bd7 41. Ke3 Kf5 42. Be4+ Ke6 43. f4 Kf6 44. fxe5+ Kxe5 45. d4+ Kd6 46. Kf4 Be6 47. Bd3 Bd7 48. Kg5 Be8 49. e4 {[%cal Be2e4,Be4e5][%mdl 32]} Ke6 50. e5 Bf7 51. Bg6 Bg8 52. Bf5+ Ke7 53. d5 {[%cal Bd4d5,Bd5d6][%mdl 32] [#] Threatening mate with d6+.} Bf7 54. d6+ {Weighted Error Value: White=0.32/Black=0.50} 1-0

[Event "129th New Zealand Championship 2022"]
[Site "Christchurch"]
[Date "2022.01.07"]
[Round "6.9"]
[White "Wang, Aaron Ziwen"]
[Black "Lee, Edward S"]
[Result "1-0"]
[WhiteElo "1788"]
[BlackElo "1974"]
[Annotator "TA"]
[PlyCount "89"]
[EventDate "2022.01.02"]
[EventType "swiss"]
[EventCountry "NZL"]
[SourceTitle "playchess.com"]
[Source "ChessBase"]
[SourceQuality "1"]

{[%evp 14,89,52,36,56,27,18,32,44,4,16,0,0,-37,-35,-93,-110,-113,-115,-115,-117,-110,-103,-111,-105,-109,-85,-102,-75,-134,-104,-137,-154,-135,-109,-118,-44,-55,-6,-12,-13,-29,0,0,0,-51,202,193,408,404,394,404,387,394,360,362,415,407,639,600,678,679,5643,704,962,911,1665,810,762,451,29982,29983,29984,29983,29984,29985,29986,570]} 1. c4 g6 2. e4 Bg7 3. d4 c5 4. Nf3 cxd4 5. Nxd4 Nc6 6. Be3 Nf6 7. Nc3 d6 8. f3 (8. Be2 {with more complications.} O-O 9. h3 Re8 10. O-O Nd7 11. Qd2) 8... Bd7 {B38: Sicilian: Maroczy Bind with 5...Bg7 and 7...0-0.} 9. Nxc6 bxc6 10. Qd2 {[#]} h5 $146 {White is slightly better.} ({Predecessor:} 10... O-O 11. Be2 Re8 12. O-O Qc7 13. Rfd1 Rad8 14. Rac1 Qb7 15. b3 Be6 16. g4 Nd7 {½-½ (43) Spevacek,I (1956)-Krbusik,M (1958) Czech Republic 2006}) 11. h4 Qa5 12. a3 Rb8 {[%cal Of6d5]} 13. Be2 Ng4 14. fxg4 {[#]} (14. Nd1 $1 $15 Qxd2+ 15. Bxd2) 14... Rxb2 $1 $17 {[%mdl 64] Remove Defender, Decoy} 15. Qxb2 Bxc3+ 16. Bd2 Bxb2 17. Bxa5 {Strongly threatening Rb1.} Bxa1 18. gxh5 gxh5 19. Kd2 Bf6 20. Rb1 {[#] Rb8+ is the strong threat.} Bc8 21. g3 (21. Rb8 $142 O-O 22. Ra8) 21... Be5 22. Bc3 Bxc3+ 23. Kxc3 {[%mdl 4096] Endgame KRB-KRB} Kd8 24. c5 dxc5 ({Better is} 24... Rg8 $17 25. Rg1 Bg4) 25. Kc4 $1 $15 Kc7 ({But not} 25... Ba6+ 26. Kxc5 Bc8 27. Kxc6 Rh6+ 28. Kc5 $14) (25... Rg8 $15 {is more appropriate.} 26. Bxh5 Be6+ 27. Kxc5 Rxg3) 26. Kxc5 $11 Rh6 27. Rf1 f6 (27... Re6 $5 {[%cal Re6e4]} 28. Kd4 (28. Rxf7 Rxe4 29. Bf3 Re3 $15) 28... f5 $15) 28. e5 f5 29. Bd3 (29. Rc1 $11) 29... Re6 $2 {[%mdl 8192]} (29... Rg6 $15 {keeps the upper hand.} 30. Bxf5 Bxf5 31. Rxf5 Rxg3) 30. Rxf5 $18 Rg6 $2 (30... Rh6 {was worth a try.}) 31. Rg5 Rh6 32. Be2 {To avoid Bg4} Rh8 33. Rxh5 Rd8 34. Bc4 {Prevents Rd5+. aiming for Rh7.} Rd2 35. Rh7 Rc2 (35... Kd8 $142 36. Kxc6 Bd7+ 37. Kc5 Rc2) 36. Rxe7+ Kd8 37. Rxa7 {Black must now prevent h5.} Rc3 38. Kb4 Rxg3 39. h5 Rg4 40. Kc3 (40. Kc5 $142 Rg5 41. h6) 40... Rg5 41. e6 {Threatening mate with h6.} Re5 (41... Rxh5 $18 42. e7+ Ke8) 42. h6 {White mates.} Bxe6 43. Bxe6 Rxe6 44. h7 Rh6 45. h8=Q+ {White used his chance.  Weighted Error Value: White=0.27 (precise) /Black=0.58} (45. Ra8+ $142 Kd7 46. h8=Q Rxh8 47. Rxh8 Kd6 48. a4 Ke6 49. a5 Kf6 50. a6) 1-0